书目信息 |
| 题名: |
对地观测遥感相机研制
|
|
| 作者: | 约瑟夫 著 ;王小勇 译 | |
| 分册: | ||
| 出版信息: | 北京 国防工业出版社 2019.03 |
|
| 页数: | XI, 263页 | |
| 开本: | 25cm | |
| 丛书名: | 现代光学工程精品译丛 | |
| 单 册: | ||
| 中图分类: | TP79 | |
| 科图分类: | ||
| 主题词: | 遥感地面调查--yao gan di mian diao cha | |
| 电子资源: | ||
| ISBN: | 978-7-118-11401-0 | |
| 000 | 01326nam 2200313 450 | |
| 001 | CAL 0120192724693 | |
| 005 | 20190511135331.3 | |
| 010 | @a978-7-118-11401-0@b精装@dCNY129.00 | |
| 100 | @a20190511d2019 em y0chiy50 ea | |
| 101 | 1 | @achi@ceng |
| 102 | @aCN@b110000 | |
| 105 | @aak a 000yy | |
| 106 | @ar | |
| 200 | 1 | @a对地观测遥感相机研制@Adui di guan ce yao gan xiang ji yan zhi@d= Building earth observation cameras@f(印) 乔治·约瑟夫著@F( yin ) qiao zhi· yue se fu zhu@g王小勇 ... [等] 译@zeng |
| 210 | @a北京@c国防工业出版社@d2019.03 | |
| 215 | @aXI, 263页@c图@d25cm | |
| 225 | 2 | @a现代光学工程精品译丛@Axian dai guang xue gong cheng jing pin yi cong |
| 300 | @a装备科技译著出版基金 | |
| 320 | @a有书目 | |
| 330 | @a本书介绍了航天光学遥感载荷的成像机理、系统设计、系统优化、工程研制和应用等多方面知识和技术, 从应用需求、成像机理、光学系统、光机结构等内容讲述了亚米级高分相机、高光谱相机和立体测绘相机等的指标优化与设计和性能评估技术。 | |
| 410 | 0 | @12001 @a现代光学工程精品译丛 |
| 500 | 10 | @aBuilding earth observation cameras@mChinese |
| 586 | @a | |
| 606 | 0 | @a遥感地面调查@Ayao gan di mian diao cha |
| 690 | @aTP79@v5 | |
| 701 | 1 | @a约瑟夫@Ayue se fu@g(Joseph, George)@4著 |
| 702 | 0 | @a王小勇@Awang xiao yong@4译 |
| 801 | 0 | @aCN@c20190511 |
| 905 | @a河南城建学院图书馆@dTP79@eY944@f1 | |
| 对地观测遥感相机研制= Building earth observation cameras/(印) 乔治·约瑟夫著/王小勇 ... [等] 译.-北京:国防工业出版社,2019.03 |
| XI, 263页:图;25cm.-(现代光学工程精品译丛) |
| 装备科技译著出版基金 |
| ISBN 978-7-118-11401-0(精装):CNY129.00 |
| 本书介绍了航天光学遥感载荷的成像机理、系统设计、系统优化、工程研制和应用等多方面知识和技术, 从应用需求、成像机理、光学系统、光机结构等内容讲述了亚米级高分相机、高光谱相机和立体测绘相机等的指标优化与设计和性能评估技术。 |
| ● |
| 相关链接 |
|
|
|
正题名:对地观测遥感相机研制
索取号:TP79/Y944
 
预约/预借
| 序号 | 登录号 | 条形码 | 馆藏地/架位号 | 状态 | 备注 |
| 1 | 1409963 | 214099633 | 自科库301/301自科库 136排2列6层/ [索取号:TP79/Y944] | 在馆 |